Fundamentos de comportamiento organizacional

Збережено в:
Бібліографічні деталі
Автор: DuBrin, Andrew J (Автор)
Формат: Книга
Мова:Іспанська
Опубліковано: Ciudad de México International Thomson 2003
Предмети:
Теги: Додати тег
Немає тегів, Будьте першим, хто поставить тег для цього запису!

MARC

LEADER 00000nam a2200000 a 4500
001 UCK0630
003 CL-VaPUC
008 041015e20030000MX |||||||||||||||||spa|d
020 |a 9706862080 
082 0 4 |a 658.001  |b DUB  |2 21 
100 0 |a DuBrin, Andrew J  |e author  |9 488574 
245 1 0 |a Fundamentos de comportamiento organizacional 
300 |a 359 p 
942 |c BK 
945 |d 20041015 00:00:00  |a cmena 
260 |a Ciudad de México  |b International Thomson  |c 2003 
650 7 |a CONDUCTA ORGANIZACIONAL  |2 CL-VaPUC  |9 263671 
650 0 |a Psicología industrial  |9 271739 
650 0 |a Productividad   |9 335972 
650 0 |a Motivación   |9 315362 
650 0 |a Relaciones interpersonales  |9 307056 
583 |a last modification  |c 20041015 00:00:00  |k Rodrigo Vera 
999 |c 310996  |d 310994 
952 |0 0  |1 0  |4 0  |6 658_001000000000000_DUB_2003  |7 0  |8 A  |9 380137  |a BIBGIM  |b BIBGIM  |d 2019-11-21  |i 4072065  |o 658.001 DUB 2003  |p 4072065  |r 2025-01-15  |w 2019-11-21  |y BK  |k SSL